Paroles - Parce que tu crois - Charles Aznavour - Statistiques

Statistiques générales
  • Ce quiz a été pris 36 fois
  • Le résultat moyen est 180 sur 224
Statistiques - réponses
Type de quiz Réponse % Correct
Couplet 1 | Couplet 2 | Couplet 3 | +3 others crois
100%
Couplet 1 es
100%
Couplet 1 | Couplet 2 ma
100%
Couplet 2 Ma
100%
Couplet 1 | Couplet 2 | Couplet 4 | +2 others Parce
100%
Couplet 1 | Couplet 2 | Couplet 3 | +3 others que
100%
Couplet 1 | Couplet 4 | Couplet 5 | Couplet 6 Que
100%
Couplet 1 | Couplet 2 | Couplet 3 | +3 others tu
100%
Couplet 1 | Couplet 2 | Couplet 4 | Couplet 5 Tu
100%
Couplet 1 faiblesse
95%
Couplet 1 | Couplet 5 | Refrain 2 me
95%
Couplet 1 Me
95%
Couplet 1 blesses
89%
Couplet 1 | Couplet 3 Comme
89%
Couplet 1 de
89%
Couplet 1 | Couplet 4 | Couplet 6 De
89%
Couplet 1 | Couplet 2 | Couplet 3 | +3 others Et
89%
Couplet 1 et
89%
Couplet 1 | Refrain 2 te
89%
Couplet 1 vie
89%
Couplet 3 à
84%
Couplet 1 choses
84%
Couplet 1 disposes
84%
Couplet 2 En
84%
Couplet 2 Être
84%
Couplet 3 Etre
84%
Couplet 2 | Couplet 4 | Couplet 5 | +2 others je
84%
Couplet 6 | Refrain 2 Je
84%
Couplet 1 | Couplet 6 | Refrain 1 jour
84%
Refrain 2 la
84%
Couplet 2 | Couplet 3 | Couplet 6 le
84%
Couplet 2 | Refrain 1 Le
84%
Couplet 1 meurtris
84%
Couplet 1 | Couplet 2 moi
84%
Couplet 2 | Couplet 4 | Refrain 1 | Refrain 2 mon
84%
Couplet 1 nuit
84%
Refrain 1 pour
84%
Couplet 5 Pour
84%
Couplet 2 | Refrain 2 tout
84%
Couplet 3 Tout
84%
Couplet 1 toutes
84%
Couplet 2 | Refrain 1 bien
79%
Couplet 2 bonheur
79%
Couplet 2 | Couplet 4 cœur
79%
Couplet 2 | Couplet 6 | Refrain 1 dans
79%
Couplet 3 | Couplet 4 Dans
79%
Couplet 2 dépenses
79%
Refrain 1 destin
79%
Couplet 2 d'être
79%
Couplet 2 douleur
79%
Couplet 2 fais
79%
Couplet 1 joues
79%
Couplet 2 naître
79%
Couplet 6 ne
79%
Refrain 1 ou
79%
Refrain 1
79%
Couplet 5 pas
79%
Couplet 2 pense
79%
Couplet 2 Qui
79%
Refrain 1 qui
79%
Couplet 2 raison
79%
Couplet 3 | Refrain 2 sans
79%
Couplet 4 | Couplet 5 Sans
79%
Couplet 3 | Couplet 4 tes
79%
Couplet 3 toi
79%
Refrain 1 Un
79%
Couplet 3 | Couplet 4 | Couplet 6 | Refrain 2 un
79%
Couplet 3 Au
74%
Couplet 5 au
74%
Couplet 5 caprice
74%
Couplet 2 cas
74%
Couplet 3 ce
74%
Refrain 1 Demain
74%
Refrain 1 Dieu
74%
Couplet 5 D'un
74%
Couplet 5 D'une
74%
Couplet 5 faire
74%
Couplet 5 fus
74%
Couplet 6 geste
74%
Couplet 5 idée
74%
Couplet 6 il
74%
Couplet 6 l'adieu
74%
Refrain 1 l'avenir
74%
Couplet 4 | Refrain 1 les
74%
Couplet 3 mains
74%
Couplet 2 malgré
74%
Couplet 5 mis
74%
Couplet 5 monde
74%
Refrain 1 peut
74%
Couplet 3 Peut
74%
Refrain 1 peut-être
74%
Couplet 3 réserve
74%
Couplet 6 reste
74%
Couplet 5 sacrifice
74%
Refrain 1 sait
74%
Couplet 4 suis
74%
Couplet 4 Une
74%
Couplet 6 vais
74%
Refrain 1 venir
74%
Refrain 1 viendra
74%
Couplet 2 vit
74%
Refrain 2 corps
68%
Couplet 5 D'enfant
68%
Couplet 6 deux
68%
Couplet 6 dire
68%
Couplet 4 épave
68%
Couplet 4 esclave
68%
Couplet 4 l'amour
68%
Couplet 3 matin
68%
Couplet 6 nous
68%
Refrain 2 Quand
68%
Couplet 3 rêve
68%
Couplet 6 sourire
68%
Couplet 3 ta
68%
Couplet 3 vide
68%
Refrain 2 aura
63%
Couplet 3 brisant
63%
Couplet 6 C'est
63%
Couplet 6 fini
63%
Couplet 5 gâtée
63%
Couplet 3 humides
63%
Refrain 1 jeux
63%
Couplet 3 loi
63%
Couplet 4 lourd
63%
Refrain 2 mort
63%
Refrain 2 passion
63%
Refrain 2 quitté
63%
Refrain 2 quitterai
63%
Refrain 2 regret
63%
Refrain 2 reprendrai
63%
Refrain 2 sera
63%
Couplet 3 yeux
63%
Refrain 1 brouiller
58%
Couplet 5 Déchaînée
58%
Couplet 5 mènes
58%
Couplet 6 qu'enfin
58%
Couplet 5 blonde
53%
Couplet 4 forges
53%
Couplet 6 Qu'un
53%
Couplet 4 armes
47%
Couplet 3 Laisser
47%
Couplet 4 larmes
47%
Couplet 4 secours
47%
Couplet 6 vois
47%
Couplet 4 joies
37%
Couplet 4 puises
26%
Aucun quiz correspondant
Distribution des résultats
% des personnes avec chaque résultat
Percentile par nombre de réponses
Votre historique - résultats
Vous n’avez pas pris ce quiz